The Baha'i faith (Record no. 84492)
[ view plain ]
| 000 -LEADER | |
|---|---|
| fixed length control field | 00711nam a2200169 a 4500 |
| 008 - FIXED-LENGTH DATA ELEMENTS--GENERAL INFORMATION | |
| fixed length control field | 120416s0000 ||||||||||||||||| || u |
| 020 ## - INTERNATIONAL STANDARD BOOK NUMBER | |
| International Standard Book Number | 8185091005 |
| 050 ## - LIBRARY OF CONGRESS CALL NUMBER | |
| Classification number | BP 330 Fai |
| 100 ## - MAIN ENTRY--PERSONAL NAME | |
| Personal name | Faizi, Gloria |
| 245 10 - TITLE STATEMENT | |
| Title | The Baha'i faith |
| 246 ## - | |
| -- | an introduction |
| 260 ## - PUBLICATION, DISTRIBUTION, ETC. | |
| Place of publication, distribution, etc. | New Delhi |
| Name of publisher, distributor, etc. | Baha'i Publishing Trust |
| Date of publication, distribution, etc. | 1986 |
| 300 ## - PHYSICAL DESCRIPTION | |
| Extent | 129p. |
| 350 ## - | |
| -- | 0.00 |
| 995 ## - | |
| -- | MAIN LIBRARY OPEN ACCESS |
| -- | 0.00 |
| -- | 728525 |
| -- | CBU-MAIN LIBRARY (Kitwe) |
| -- | 2 |
| -- | 250.00 |
| -- | BP 330 Fai |
| -- | 2 |
| -- | AVAILABLE |
| -- | Jul 31, 2006 |
| -- | 021111 |
| -- | Main Library Open Access Collection |
| 995 ## - | |
| -- | MAIN LIBRARY OPEN ACCESS |
| -- | 0.00 |
| -- | 728526 |
| -- | CBU-MAIN LIBRARY (Kitwe) |
| -- | 1 |
| -- | 250.00 |
| -- | BP 330 Fai |
| -- | 1 |
| -- | AVAILABLE |
| -- | Jul 31, 2006 |
| -- | 021110 |
| -- | Main Library Open Access Collection |
| 999 ## - | |
| -- | 84492 |
| -- | 84492 |
| Withdrawn status | Lost status | Source of classification or shelving scheme | Damaged status | Not for loan | Permanent Location | Current Location | Shelving location | Date acquired | Total Checkouts | Full call number | Barcode | Date last seen | Copy number | Price effective from | Koha item type |
|---|---|---|---|---|---|---|---|---|---|---|---|---|---|---|---|
| CBU-MAIN LIBRARY, KITWE. | CBU-MAIN LIBRARY, KITWE. | 01/25/2024 | BP 330 Fai | 021111 | 01/25/2024 | 1 | 01/25/2024 | MONOGRAPH | |||||||
| CBU-MAIN LIBRARY, KITWE. | CBU-MAIN LIBRARY, KITWE. | 01/25/2024 | BP 330 Fai | 021110 | 01/25/2024 | 2 | 01/25/2024 | MONOGRAPH |